History Quiz

Random History or Clickable Quiz

Famous Quotes About 'S' Quiz Stats

 Plays Quiz Updated Oct 4, 2015

Score 0/25 Timer 08:00
1 Play Today
% Correct
Silence
96.9%
Stronger
96.3%
Shoe
96.2%
Systematically
95.2%
Stab
94.7%
Skeleton
94.6%
Skiing
90.2%
Snore
87.3%
Staircase
87.1%
Soul
83.6%
Smile
82.1%
Swear
79.9%
Sneer
79.1%
% Correct
Steel
74.4%
School
74.4%
Self-confidence
71.5%
Society
68.9%
Science
67.4%
Success
65.8%
Stories
65.7%
Scissors
65.2%
Spirit
64.8%
Sky
62.9%
Subjectivity
40.6%
Sunrise
38.9%

You're not logged in!

Compare scores with friends on all Sporcle quizzes.
OR
Log In

Show Comments

Extras

Top Quizzes Today


Score Distribution

Your Account Isn't Verified!

In order to create a playlist on Sporcle, you need to verify the email address you used during registration. Go to your Sporcle Settings to finish the process.

Report this User

Report this user for behavior that violates our Community Guidelines.

Details: